Comparison of active labor market policies and their effectiveness in EU 15 and Visegrad Four countries

Charakteristika programov aktívneho trhu práce a aktivačných stratégií. Typy aktívnych politík trhu práce a ich význam. Komparácia panelovou regresiou.

Na minha lista:
Detalhes bibliográficos
Autor principal: Boór, Matej, 1988-
Outros Autores: Bari, Dóra, Kashi, Kateřina
Formato: Capítulo de Livro
Idioma:inglês
Assuntos:
Tags: Adicionar Tag
Sem tags, seja o primeiro a adicionar uma tag!

MARC

LEADER 00000naa$a2200000$$$4500
001 0193561
005 20240502073235.8
041 0 |a eng 
044 |a SK 
245 1 0 |a Comparison of active labor market policies and their effectiveness in EU 15 and Visegrad Four countries  |c Matej Boór, Dóra Bari, Kateřina Kashi 
520 |a Charakteristika programov aktívneho trhu práce a aktivačných stratégií. Typy aktívnych politík trhu práce a ich význam. Komparácia panelovou regresiou. 
610 2 0 |a politika zamestnanosti 
610 2 0 |a nezamestnanosť 
610 2 0 |a trh práce 
610 2 0 |a opatrenia 
610 2 0 |a regresia 
610 2 0 |a Vyšehradská štvorka 
610 2 0 |a Európska únia 
100 1 |a Boór, Matej, 1988- 
700 1 |a Bari, Dóra 
700 1 |a Kashi, Kateřina